Octavio Arizmendi Posada : (Registro nro. 7165)

Detalles MARC
000 -LEADER
fixed length control field 01424cam a2200241 i 4500
003 - CONTROL NUMBER IDENTIFIER
control field OCoLC
005 - DATE AND TIME OF LATEST TRANSACTION
control field 20210211142251.0
008 - FIXED-LENGTH DATA ELEMENTS--GENERAL INFORMATION
fixed length control field 150805t20102010ck af r 000 0cspa d
020 ## - INTERNATIONAL STANDARD BOOK NUMBER
International Standard Book Number 9789581202713
040 ## - CATALOGING SOURCE
Original cataloging agency E7B
Transcribing agency CO-JMCR
041 0# - LANGUAGE CODE
Language code of text/sound track or separate title spa
082 04 - DEWEY DECIMAL CLASSIFICATION NUMBER
Classification number 370.922 /
Item number F715o
Edition number 23
100 1# - MAIN ENTRY--PERSONAL NAME
Personal name Forero Gutiérrez, Alfonso
Relator term autor
9 (RLIN) 13335
245 10 - TITLE STATEMENT
Title Octavio Arizmendi Posada :
Remainder of title un humanista ejemplar /
Statement of responsibility, etc. Alfonso Forero Gutiérrez
260 ## - PUBLICATION, DISTRIBUTION, ETC.
Place of publication, distribution, etc. Bogotá :
Name of publisher, distributor, etc. Universidad de La Sabana,
Date of publication, distribution, etc. 2010
300 ## - PHYSICAL DESCRIPTION
Extent 124 páginas :
Other physical details ilustraciones, láminas ;
Dimensions 24 cm.
500 ## - GENERAL NOTE
General note Datos biográficos del autor en solapa frontal.
505 0# - FORMATTED CONTENTS NOTE
Formatted contents note La posada de doña Bora y don Quico -- La historia familiar extensa -- Liderazgo y escultismo -- El hombre de las ideas -- El espíritu de un Numerario del Opus Dei -- La revolución de un partid político -- Una de las mejores gobernaciones de Antioquia (1965-1968) -- El hombre y gobernador vistos por un nadaísta -- De la Gobernación al arte de educar -- Universidad de la Sabana: la cristalización de un sueño -- El maestro de la universidad a escala humana -- Discurso en el campus del puente del Común -- Una existencia apasionada, coherente y llena de sentido
650 24 - SUBJECT ADDED ENTRY--TOPICAL TERM
Topical term or geographic name entry element Personal docente
Geographic subdivision Colombia
Form subdivision Biografías
9 (RLIN) 13336
650 24 - SUBJECT ADDED ENTRY--TOPICAL TERM
Topical term or geographic name entry element Profesores
Geographic subdivision Colombia
Form subdivision Biografías
9 (RLIN) 13337
942 ## - ADDED ENTRY ELEMENTS (KOHA)
Source of classification or shelving scheme Dewey Decimal Classification
Koha item type Books
Existencias
Withdrawn status Lost status Source of classification or shelving scheme Damaged status Not for loan Home library Current library Shelving location Date acquired Source of acquisition Total Checkouts Full call number Barcode Date last seen Copy number Price effective from Koha item type
    Dewey Decimal Classification     Biblioteca Pública José María del Castillo y Rada Biblioteca Pública José María del Castillo y Rada General Stacks 10/02/2020 Donación   370.922 / F715o 201810415 05/16/2024 Ej.1 10/02/2020 Books